000 01005nam a22003137a 4500
001 000689
003 DO-SdBPM
005 20260317091937.0
007 ta
008 161114b2008 mx a |||| 00| 0 spa d
020 _a9789702902416
040 _aDO-SdBPM
_bspa
_cBPMSU
_erda
082 0 4 _a 823.91
_b D131a 2008
_222
100 1 _aDahl, Roald
_d1916-1990.
_eautor
_4aut.
245 1 0 _aAgu trot /
_cRoald Dahl ; ilustraciones de Quentin Blake.
264 _aMéxico :
_bAlfaguara,
_c2008
300 _a65 páginas :
_bilustración ;
_c20 cm.
336 _atexto
_btxt
_2rdacontent
337 _asin mediación
_bn
_2rdamedia
338 _avolumen
_bnc
_2rdacarrier
490 0 _aAlfaguara infantil.
500 _aPara niños a partir de los 8 años.
590 _aInventariado, 2026/VM
650 7 _aCuentos infantiles ingleses
650 7 _aLibros ilustrados para niños
700 1 _aBlake, Quentin,
_eilustración
910 _aVMateo V. Control de calidad. BPMSU
942 _2ddc
_cBK
999 _c11924
_d11924